000 00645nam a2200205 4500
001 133393
003 ES-MaACL
005 20230906194408.0
007 t|
008 070214s1968 sp r ||||1| spa d
100 1 _aRueff, Jacques.
_9100528
245 1 0 _aVisión quántica del Universo
_b: ensayo sobre el poder creador /
_cJacques Rueff ; [lo tradujo José-Miguel Velloso].
260 _aMadrid :
_bGuadarrama,
_c1968.
300 _a364 p. ;
_c18 cm.
490 1 _aPunto Omega ;
_v31
700 1 _aVelloso, José Miguel.
_9113857
830 0 _aPunto Omega ;
_v31
_9180707
852 _aES-MaACL
_jC-34868
_bR.67606
999 _c133393
_d133393